000 00329 a2200157 4500
001 64066
020 _a9788575591840
040 _cAnchieta - Pituba
100 _aHarvey, David
240 1 0 _aO enigma do capital
_lpor
245 1 0 _aO enigma do capital
300 _a235
362 0 _a2011
650 4 _aSistemas
942 _cBK
999 _c64066
_d64066